000 00613nam a2200265Ia 4500
005 20260306163708.0
008 008 260114s9999 xx 000 0 eng d
020 _a9781447316480
037 _aEBOOK
040 _aCRL
040 _beng
040 _cCRL
041 _2eng
041 _aeng
084 _qCRL
100 _aOdell Korgen
_9877207
245 0 _aRace Policy And Multiracial Americans
260 _bThe Policy Press
260 _c2017
650 _aSocial Work
856 _uhttps://academic.oup.com/book/15232
942 _cEBOOK
999 _c1711122
_d1711122